Selekcjonerzy reprezentacji Włoch - nagła śmierć - Statystyki

Ogólne statystyki
  • Ten quiz został rozwiązany 56 razy
  • Średni wynik to 3 z 8
Answers on the Grid
Answers color-coded by a green-red scale on the quiz's grid according to % correct below.
Roberto Mancini
Fabio Capello
Giovanni Trapattoni
Carlo Ancelotti
Rafa Benítez
Antonio Conte
Massimiliano Allegri
Marcello Lippi
Luis Enrique
Roberto Donadoni
Diego Simeone
Cesare Prandelli
José Mourinho
Dino Zoff
Cesare Maldini
Maurizio Sarri
 
Statystyki odpowiedzi
Odpowiedź % Poprawnych
Roberto Mancini
82%
Marcello Lippi
44%
Giovanni Trapattoni
38%
Antonio Conte
31%
Cesare Maldini
31%
Cesare Prandelli
26%
Dino Zoff
21%
Roberto Donadoni
18%
Nie znaleziono quizów pasujących do podanych kryteriów
Rozkład punktacji
Procent ludzi z każdym wynikiem
Percentyl według liczby udzielonych odpowiedzi
Twoja historia wyników
Nie rozwiązałeś tego quizu